| 000 | 00712nmm a2200229Ia 4500 | ||
|---|---|---|---|
| 008 | 251105s9999||||xx |||||||||||||||||und|| | ||
| 020 | _a9788499218502 | ||
| 041 | _aspa | ||
| 100 | _aCabero Almenara, Julio | ||
| 245 | 0 | _aRealidad aumentada y educación: innovación en contextos formativos | |
| 264 |
_a[Madrid, España] : _bOctaedro, _c2016 |
||
| 300 | _a144 páginas | ||
| 490 | _aOctaedro universidad | ||
| 650 | _aEducation | ||
| 700 | _aCabero Almenara, Julio | ||
| 700 | 1 | _a Leiva Olivencia, Juan J. | |
| 700 | 1 | _a Moreno Martínez, Noelia M. | |
| 700 | 1 | _a Barroso Osuna, Julio | |
| 700 | 1 | _a Meneses López, Eloy | |
| 856 | _uhttps://public.digitaliapublishing.com/a/59047 | ||
| 942 | _cCF | ||
| 999 |
_c63257 _d63257 |
||